000 00384nam a2200145Ia 4500
008 230917s9999||||xx |||||||||||||| ||und||
040 _e202922
_aMAIN
041 _aEnglish
082 _a005.1 D262S
100 _aDatta,Subhjit
245 0 _aSoftware engineering: concepts and application.
260 _aNew Delhi
_bOxford University Press
_c2010
300 _a496 p.
942 _cBK
999 _c165305
_d165305